| 000 | 00525nam a2200217Ia 4500 | ||
|---|---|---|---|
| 003 | 0100 | ||
| 008 | 130227s9999 xx 000 0 und d | ||
| 040 | _cARRUPELIB | ||
| 050 | _aLC33.G7W4 | ||
| 100 | _aWest, E. G. | ||
| 245 | _aEducation and the state | ||
| 245 | _bA study in political economy | ||
| 260 | _aLondon | ||
| 260 | _bInstitute of Economic Affairs | ||
| 260 | _C1965 | ||
| 300 | _axiii | ||
| 300 | _b 242p 21cm | ||
| 650 | _bUnited States--Moral conditions | ||
| 650 | _cSocial values | ||
| 942 |
_2lcc _05 |
||
| 999 |
_c39 _d39 |
||